History Quiz

Random History or War Quiz

US Military Ranks by Any Word Quiz Stats

Quiz Updated Nov 12, 2012

Challenge
Share
Tweet
NOTE: Minor words like 'of' and 'the' are ignored.
Score 0/104 Timer 03:00
11 Plays Today
% Correct
Lieutenant General
98.4%
Lieutenant General
98.4%
Lieutenant General
98.4%
Major General
98.2%
Major General
98.2%
Major General
98.2%
* General of the Air Force
97.4%
Command Sergeant Major
97.2%
Brigadier General
96.5%
Brigadier General
96.5%
Brigadier General
96.5%
* General of the Army
96.4%
Sergeant Major of the Marine Corps
96.4%
Sergeant Major of the Army
96.3%
Sergeant Major
96.2%
Sergeant Major
96.2%
Private First Class
96.1%
General
96.1%
General
96.1%
Private First Class
96.1%
General
96.1%
Command Chief Master Sergeant
95.6%
Lieutenant Colonel
95.5%
Lieutenant Colonel
95.5%
Lieutenant Colonel
95.5%
Chief Master Sergeant of the Air Force
95.4%
Private E-2
94.8%
Private
94.8%
Private
94.8%
First Lieutenant
94.3%
First Lieutenant
94.3%
First Lieutenant
94.3%
Chief Master Sergeant
94.2%
Sergeant First Class
94.1%
Second Lieutenant
94%
% Correct
Second Lieutenant
94%
Second Lieutenant
94%
First Sergeant
93.9%
First Sergeant
93.9%
Senior Airman or Sergeant
93.6%
Lieutenant Commander
93.5%
Master Gunnery Sergeant
93.2%
Senior Master Sergeant
93.1%
Master Sergeant
92.9%
Master Sergeant
92.9%
Master Sergeant
92.9%
Staff Sergeant
92%
Staff Sergeant
92%
Staff Sergeant
92%
Gunnery Sergeant
91.9%
Lieutenant Junior Grade
91.8%
Lieutenant
91.6%
Technical Sergeant
91.2%
Sergeant
91%
Sergeant
91%
Major
87.2%
Major
87.2%
Major
87.2%
Colonel
85.1%
Colonel
85.1%
Colonel
85.1%
Master Chief Petty Officer of the Navy
83.8%
Master Chief Petty Officer
83.5%
Petty Officer 1st Class
82.7%
Senior Chief Petty Officer
82.5%
Chief Petty Officer
82.2%
Petty Officer 2nd Class
82.1%
Petty Officer 3rd Class
81.1%
Airman First Class
80.9%
Captain
80.8%
% Correct
Captain
80.8%
Captain
80.8%
Captain
80.8%
Chief Warrant Officer 4
80.5%
Chief Warrant Officer 4
80.5%
Chief Warrant Officer 4
80.5%
Chief Warrant Officer 2
80.3%
Chief Warrant Officer 2
80.3%
Chief Warrant Officer 2
80.3%
Chief Warrant Officer 5
80.3%
Chief Warrant Officer 5
80.3%
Chief Warrant Officer 5
80.3%
Chief Warrant Officer 3
80.2%
Chief Warrant Officer 3
80.2%
Chief Warrant Officer 3
80.2%
Rear Admiral Lower Half
77.9%
Rear Admiral Upper Half
77.9%
* Fleet Admiral
77.8%
Vice Admiral
77.8%
Admiral
77.6%
Warrant Officer
74.4%
Warrant Officer
74.4%
Warrant Officer
74.4%
Lance Corporal
71.4%
Corporal
71.1%
Corporal
71.1%
Airman Basic
67.2%
Airman
67%
Commander
63.6%
Seaman Recruit
59.6%
Seaman Apprentice
58.5%
Seaman
58.5%
Ensign
43.2%
Specialist
31.6%

You're not logged in!

Compare scores with friends on all Sporcle quizzes.
Join for Free
OR
Log In

You Might Also Like...

Show Comments

Extras

Top Quizzes Today


Score Distribution

Your Account Isn't Verified!

In order to create a playlist on Sporcle, you need to verify the email address you used during registration. Go to your Sporcle Settings to finish the process.

Report this User

Report this user for behavior that violates our Community Guidelines.

Details: